000 00713nam a2200205Ia 4500
005 20241129111258.0
008 241129s9999||||xx |||||||||||||| ||und||
037 _aTB
040 _aCRL
_bpun
_cCRL
041 _apun
_2pun
084 _aP153 Q4;Q8
_qCRL
100 _aਬਰਾੜ, ਬੁਟਾ ਸਿੰਘ, ਚ।
245 0 _aਭਾਸ਼ਾ ਵਿ ਗਿਆਨL ਸਿਧਾਂਤ ਤੇ ਵਿਹਾਰ
_cਬਰਾੜ, ਬੁਟਾ ਸਿੰਘ, ਚ।
260 _aਲੁਧਿਆਨਾ, ਭਾਰਤ
_bਲਾਹੌਰ ਬੁਕਸ਼
_c2018
300 _a231ਪ੍ਰ0
365 _aINR
_b200
650 _aPunjabi Language
_91074
942 _cTB
_hP153 Q4;Q8
999 _c1229712
_d1229712